000 00712cam a2200217 4500
001 ABS65846
008 020903n2002 000 0 eng u
035 _a(Sirsi) u119542
245 _aHow much will I make?
260 _c2002
490 _aEstates Gazette
_v(0232) 10 August 2002, 80(1)
520 _aIntroduction to investment appraisal for first and second year university students. Explains concepts such as rate of return and market yields in addition to net present value.
590 _aABS
650 _aINVESTMENT APPRAISAL
650 _aRATES OF RETURN
650 _aMARKET YIELD
650 _aNET PRESENT VALUE
650 _aINTERNAL RATE OF RETURN
690 _aINVESTMENT
942 _n0
999 _c71070
_d71070